The ROAD from Rio : moving forward in forestry

Bibliographic Details
Corporate Author: Food and Agriculture Organization of the United Nations (FAO)
Format: Book
Published: Rome : Food and Agriculture Organization of the United Nations , 1994
Subjects:

MARC

LEADER 00000cam a2200000 7i4500
001 0000001884
005 20020323.0
020 0 0 |a 9251035873 
090 0 0 |a 634.9   |b ROA 1994 
245 0 4 |a The ROAD from Rio :   |b moving forward in forestry 
260 0 0 |a Rome :   |b Food and Agriculture Organization of the United Nations ,   |c 1994 
300 |a 32 p. ;   |c 30 cm. 
500 0 0 |a Includes bibliographical references : (p. 31) 
650 0 0 |a Forests and forestry 
650 0 0 |a Sustainable forestry 
710 1 1 |a Food and Agriculture Organization of the United Nations (FAO) 
998 |a JPSM 
999 |a 0000000301   |b Monograph   |c Open Shelf   |e Default branch